Statistics for Major Settlements on Australia's Highway One

Click here to take the quiz!

General Stats

  • This quiz has been taken 10 times
  • The average score is 28 of 54

Answer Stats

CityState% Correct
AdelaideSA
100%
BrisbaneQLD
100%
MelbourneVIC
100%
SydneyNSW
100%
CairnsQLD
88%
DarwinNT
88%
Gold CoastQLD
88%
HobartTAS
88%
PerthWA
88%
DevonportTAS
75%
GeelongVIC
75%
LauncestonTAS
75%
NewcastleNSW
75%
Port AugustaSA
75%
RockhamptonQLD
75%
AlbanyWA
63%
TownsvilleQLD
63%
WollongongNSW
63%
BairnsdaleVIC
50%
BallinaNSW
50%
Batemans BayNSW
50%
BroomeWA
50%
BunburyWA
50%
CedunaSA
50%
Coffs HarbourNSW
50%
KatherineNT
50%
MackayQLD
50%
NowraNSW
50%
Port HedlandWA
50%
Port MacquarieNSW
50%
TareeNSW
50%
BurnieTAS
38%
ColacVIC
38%
EsperanceWA
38%
EuclaWA
38%
GeraldtonWA
38%
GraftonNSW
38%
Mount GambierSA
38%
PortlandVIC
38%
WarragulVIC
38%
WarrnamboolVIC
38%
BegaNSW
25%
CarnarvonWA
25%
GympieQLD
25%
KununurraWA
25%
MandurahWA
25%
Murray BridgeSA
25%
NorsemanWA
25%
Port WakefieldSA
25%
SaleVIC
25%
KimbaSA
13%
MillicentSA
13%
Daly WatersNT
0%
TaralgonVIC
0%

Score Distribution

Percentile by Number Answered

Percent of People with Each Score

Your Score History

You have not taken this quiz